[Event "Corus"]
[Site "Wijk aan Zee 63"]
[Date "2001.01.14"]
[Round "2"]
[White "Kramnik, Vladimir"]
[Black "Van Wely, Loek"]
[Result "1-0"]
[WhiteElo "2772"]
[BlackElo "2700"]
[Annotator "JvR"]
[PlyCount "65"]
[EventDate "2001.??.??"]
[EventCountry "NED"]

1. d4 Nf6 2. c4 g6 3. Nc3 d5 4. cxd5 Nxd5 5. e4 Nxc3 6. bxc3 Bg7 7. Nf3 c5 8.
Be3 Qa5 9. Qd2 Nc6 10. Rc1 cxd4 11. cxd4 Qxd2+ 12. Kxd2 O-O 13. d5 Rd8 14. Ke1
Na5 15. Bg5 Bd7 16. Bd3 Rdc8 17. Ke2 e6 18. Be3 exd5 19. exd5 b6 20. Ba6 Rd8
21. Rhd1 Bc8 $5 ({Loek diverts from} 21... Ba4 22. Rd3 h5 {(Piket-Van Wely,
Groningen 2000).}) 22. Bxc8 Raxc8 23. Rxc8 Rxc8 24. Nd4 $1 Bf8 $2 ({Right is} 
24... Bxd4 25. Rxd4 f6 {and the king will help out (Kramnik).}) 25. Nb5 $1 a6
26. d6 $1 {Kramnik makes a surprising move.} Rc2+ $6 (26... axb5 $1 27. d7 Rd8
28. Bxb6 Nc6 29. Bxd8 Nxd8 30. Rd5 $1 {(Krasenkow), and now} Bg7 31. Rxb5 Kf8
32. a4 Ke7 33. a5 Bd4 $1 {brings the last chance.}) 27. Kd3 Rxa2 28. d7 Nb7 29.
Nc3 Rb2 30. Nd5 Rb5 31. Kc2 Bc5 32. Bh6 f6 33. Nc7 1-0

[Event "Corus"]
[Site "Wijk aan Zee 63"]
[Date "2001.01.16"]
[Round "3"]
[White "Van Wely, Loek"]
[Black "Morozevich, Alexander"]
[Result "0-1"]
[WhiteElo "2700"]
[BlackElo "2745"]
[Annotator "JvR"]
[PlyCount "42"]
[EventDate "2001.??.??"]
[EventCountry "NED"]

1. d4 d5 2. c4 c6 3. Nf3 Nf6 4. Nc3 dxc4 5. a4 c5 6. d5 Bf5 7. e3 e6 8. Bxc4
exd5 9. Nxd5 Nc6 10. Qb3 {Loek presents a new move.} Qd7 $6 11. Nxf6+ gxf6 12.
Bd2 Rg8 13. Bc3 $5 O-O-O 14. Bxf7 $4 (14. Rg1 $1 {keeps a plus.}) 14... Rxg2
15. Nh4 Ne5 $1 {Black decides the game.} 16. Nxf5 Nd3+ $5 17. Kf1 Rxf2+ 18. Kg1
Kb8 $1 19. Qe6 $6 ({Or} 19. Ng3 Qc6 $1 20. e4 c4 21. Qb5 Qxb5 22. axb5 Bc5 {
(Morozevich).}) 19... Rxf5 20. h4 ({The pointe is} 20. Qxd7 Rxd7 21. Be6 Rg7# {
(Hübner).}) 20... Bd6 21. Rf1 $2 Rg8+ $1 0-1

[Event "Corus"]
[Site "Wijk aan Zee 63"]
[Date "2001.01.17"]
[Round "4"]
[White "Kramnik, Vladimir"]
[Black "Tiviakov, Sergei"]
[Result "1-0"]
[WhiteElo "2772"]
[BlackElo "2597"]
[Annotator "JvR"]
[PlyCount "75"]
[EventDate "2001.??.??"]
[EventCountry "NED"]

1. d4 Nf6 2. c4 e6 3. Nc3 Bb4 4. e3 O-O 5. Bd3 d5 6. Nf3 c5 7. O-O Nc6 8. a3
Bxc3 9. bxc3 dxc4 10. Bxc4 Qc7 11. Bb2 e5 12. h3 e4 13. Nd2 Na5 14. Ba2 Bf5 $6
({Theory is} 14... c4) 15. c4 $1 Rfe8 $6 (15... Nc6 16. d5 Ne5 {brings a
knight to the centre (Kramnik).}) 16. d5 Nd7 17. f4 $1 {White takes the
initiative on the kingside.} exf3 18. Qxf3 Bg6 19. h4 h5 $2 (19... f6 $1 {
controls square e5.}) 20. Bb1 $1 {The second bishop has been activated.} Qd6
21. Bc3 b6 22. Ne4 $6 (22. Bf5 $1 {keeps the advantage.}) 22... Rxe4 $1 {Black
takes the chance to counterattack.} 23. Bxe4 Nxc4 24. Qf4 Qxf4 25. Rxf4 Nxe3
26. Bf3 Nc2 27. Ra2 Re8 28. g4 $1 hxg4 $2 {Black should play the offside
knight.} ({Right is} 28... Ne1 $1 29. Be2 $1 {(Kramnik)} Nd3 $1 30. Bxd3 Bxd3
31. gxh5 Be2 $1) 29. Bxg4 Ne5 30. d6 $1 Nxg4 31. Rxg4 Re6 32. h5 Bd3 33. d7 Rd6
34. Rxg7+ Kf8 35. h6 Nd4 36. Rag2 Bg6 37. Rf2 $1 Nf5 38. h7 1-0

[Event "Corus"]
[Site "Wijk aan Zee 63"]
[Date "2001.01.17"]
[Round "4"]
[White "Morozevich, Alexander"]
[Black "Adams, Michael"]
[Result "0-1"]
[WhiteElo "2745"]
[BlackElo "2746"]
[Annotator "JvR"]
[PlyCount "54"]
[EventDate "2001.??.??"]
[EventCountry "NED"]

1. e4 e5 2. Nf3 Nc6 3. Bc4 Bc5 4. b4 Bxb4 5. c3 Ba5 6. d4 exd4 7. O-O Nge7 8.
Ng5 d5 9. exd5 Ne5 10. Bb3 O-O 11. cxd4 ({Best is} 11. Nxh7 $1 Kxh7 12. Qh5+
Kg8 13. Qxe5 {(Short-Adams, Sarajevo 2000).}) 11... Ng4 12. Qf3 $2 ({The Evans
Gambit proceeds by} 12. Ba3 $1 Nxd5 $1 13. Bxf8 Qxg5 $1 14. Bxd5 Qxd5 {
(Anderssen-Mieses, Breslau 1867).}) 12... Nf6 $1 {Adams improves the theory.}
13. Ba3 h6 14. Ne4 ({Or} 14. Qe2 Nfxd5 $1 15. Bxd5 Nxd5 16. Bxf8 Qxg5 {(Adams).
}) 14... Nxe4 15. Qxe4 Re8 16. Bb2 Nf5 17. Qf4 {The white position is poor.}
Bb4 $5 (17... Qd6 $1 18. Qxd6 Nxd6 {consolidates the advantage (Adams).}) 18.
Na3 Bd6 19. Qd2 Qh4 20. g3 Qh3 21. Nc4 $2 b5 (21... Nh4 22. f4 Bg4 23. Ne5 $1
Bxe5 24. dxe5 Nf3+ 25. Rxf3 Bxf3 26. Rf1 {leads to an ambiguous position 
(Adams).}) 22. Ne5 $2 (22. Nxd6 Nxd6 {(Adams)} 23. Rae1 {tries to survive.})
22... Bb7 23. Rae1 a5 $1 24. a3 b4 $1 25. axb4 Bxb4 26. Bc3 Bxc3 27. Qxc3 Nh4
$1 0-1

[Event "Corus"]
[Site "Wijk aan Zee 63"]
[Date "2001.01.18"]
[Round "5"]
[White "Van Wely, Loek"]
[Black "Leko, Peter"]
[Result "1-0"]
[WhiteElo "2700"]
[BlackElo "2745"]
[Annotator "JvR"]
[PlyCount "63"]
[EventDate "2001.??.??"]
[EventCountry "NED"]

1. d4 Nf6 2. c4 g6 3. Nf3 Bg7 4. g3 d5 5. cxd5 Nxd5 6. Bg2 Nb6 7. O-O Nc6 8. e3
e5 9. Nc3 O-O 10. d5 Ne7 11. e4 Bg4 12. h3 Bxf3 13. Qxf3 c6 14. Rd1 cxd5 15.
exd5 Nf5 16. d6 Rb8 17. Qd3 $1 {The passed pawn gets support by this new move.}
Nd4 $6 (17... Re8 18. a4 Nd4 19. Nb5 Re6 {gives more counteraction.}) 18. Nb5
Nd7 19. Nxd4 exd4 20. Bd2 Re8 21. Rac1 Qf6 22. Bb4 Ne5 $2 {Black lifts the
blockade.} (22... a5 $3 23. Bxa5 b6 24. Bb4 Nc5 25. Bxc5 bxc5 26. d7 Red8 27.
b3 Bf8 {stops the dangerous pawn.}) 23. Qxd4 $1 {A sacrifice opens the way for
the centre pawn.} Nf3+ 24. Bxf3 Qxd4 25. Rxd4 Bxd4 26. d7 Red8 27. Bd6 Ra8 28.
Rc7 Bb6 29. Rxb7 Kg7 30. Rxb6 axb6 31. Bxa8 Rxd7 32. Be5+ 1-0

[Event "Corus"]
[Site "Wijk aan Zee 63"]
[Date "2001.01.20"]
[Round "6"]
[White "Fedorov, Alexei"]
[Black "Ivanchuk, Vassily"]
[Result "0-1"]
[WhiteElo "2575"]
[BlackElo "2717"]
[Annotator "JvR"]
[PlyCount "68"]
[EventDate "2001.??.??"]
[EventCountry "NED"]

1. e4 e5 2. f4 exf4 3. Nf3 g5 4. h4 g4 5. Ne5 Nf6 6. d4 d6 7. Nd3 Nc6 8. c3 $5
{Fedorov carries out a novelty in the Kieseritzky.} Nxe4 9. Bxf4 d5 10. Nd2 Bd6
11. Ne5 O-O 12. Nxe4 dxe4 13. Qc2 Qf6 {The fight in the centre favours Black.}
14. Bg5 $2 ({Better is} 14. Qxe4 $1 Bf5 15. Qe3 Rfe8 16. Bb5 Nxe5 17. dxe5 {
(Ivanchuk).} c6 $1 18. Bc4 Bxe5 19. O-O) 14... Qf5 15. Nxc6 Bg3+ 16. Kd1 bxc6
17. Bc4 Bf2 18. Qe2 Be6 19. Rf1 g3 20. Be3 c5 21. Bxf2 $2 (21. Bxe6 Qxe6 22.
Bxf2 gxf2 23. Qxf2 {gives the final chance.}) 21... Bxc4 22. Qxc4 gxf2 23. Qe2
cxd4 24. Rxf2 Qe5 25. Qg4+ Kh8 26. Rf5 Qd6 27. Kc2 d3+ 28. Kd2 Rae8 29. Re1 e3+
30. Rxe3 Rxe3 31. Kxe3 d2 32. Rf1 Re8+ 33. Kf2 Qf6+ 34. Qf3 Qb6+ 0-1

[Event "Corus"]
[Site "Wijk aan Zee 63"]
[Date "2001.01.21"]
[Round "7"]
[White "Ivanchuk, Vassily"]
[Black "Kramnik, Vladimir"]
[Result "0-1"]
[WhiteElo "2717"]
[BlackElo "2772"]
[Annotator "JvR"]
[PlyCount "76"]
[EventDate "2001.??.??"]
[EventCountry "NED"]

1. e4 e5 2. Nf3 Nc6 3. Bb5 Nf6 4. d3 Bc5 5. c3 O-O 6. Bxc6 bxc6 7. Nxe5 d5 8.
Bg5 $6 ({Ivanchuk diverts from} 8. O-O {(Neumann-Anderssen, Berlin 1864).})
8... Re8 9. f4 $1 dxe4 10. d4 Bb6 11. Nd2 c5 12. dxc5 Bxc5 13. Qe2 h6 14. Bh4
g5 $1 {Kramnik takes the initiative.} 15. fxg5 hxg5 16. Bg3 e3 17. Nb3 Bb6 $2 (
{Correct is} 17... Bd6 $1 18. O-O-O Qe7 {(Kramnik).}) 18. Qf3 $1 Be6 19. Rd1 g4
20. Qe2 $1 Qe7 21. Nc6 Qf8 22. Nbd4 Qc5 23. Ne5 Nh5 $6 24. Nxe6 $1 Rxe6 25.
Qxg4+ Ng7 26. Nxf7 $2 (26. Qf3 $1 {wins (Kramnik).}) 26... Rf8 $1 {Hereafter
Black wins the game after many errors.} ({He has avoided} 26... Kxf7 $2 27.
Rd7+ Re7 28. Bd6 $1) 27. Ng5 e2 28. Rd4 Rg6 29. h4 Qf5 30. Qxf5 Nxf5 31. Bf2
Nxd4 32. cxd4 Re8 33. a3 Rc6 34. Kd2 Rf6 35. Nf3 Rg6 36. Ng5 Rd6 37. Nf3 c5 38.
Re1 Ba5+ {Neumann played a better opening in the nineteenth century. The
assumed superiority of the current players shows arrogance.} 0-1

[Event "Corus"]
[Site "Wijk aan Zee 63"]
[Date "2001.01.21"]
[Round "7"]
[White "Kasparov, Gary"]
[Black "Topalov, Veselin"]
[Result "1-0"]
[WhiteElo "2849"]
[BlackElo "2718"]
[Annotator "JvR"]
[PlyCount "67"]
[EventDate "2001.??.??"]
[EventCountry "NED"]

1. e4 c5 2. Nf3 d6 3. d4 cxd4 4. Nxd4 Nf6 5. Nc3 a6 6. Be3 e6 7. f3 b5 8. g4 h6
9. Qd2 Nbd7 10. O-O-O Bb7 11. h4 b4 12. Na4 Qa5 13. b3 Nc5 14. a3 Nxa4 15. axb4
Qc7 16. bxa4 d5 17. e5 Nd7 18. f4 Nb6 19. Rh3 ({They played} 19. a5 {in
Linares 1999.}) 19... Nc4 $6 ({Usual is} 19... Nxa4) 20. Qc3 Rc8 21. Bd2 Be7
22. Be1 Rb8 $5 23. f5 $1 Bc8 24. Bxc4 dxc4 25. Qf3 Bd7 26. fxe6 fxe6 27. g5
hxg5 28. hxg5 Rxh3 29. Qxh3 Qxe5 ({Insufficient is} 29... Bxg5+ $2 30. Kb1 Bh6
{(Kasparov)} 31. Qh5+) 30. Qh5+ $1 Kf8 31. Nf3 $1 {The knight attacks the
queen and a rook assaults a bishop.} Qe3+ {It has been a great battle so far.}
32. Kb2 $6 ({Right is} 32. Bd2 $1 Qa3+ 33. Kb1 Rxb4+ $1 34. Bxb4 Qxb4+ 35. Kc1
Qa3+ 36. Kd2 Qb2 37. Qh8+ Kf7 {(Kasparov)} 38. Ke3 $1) 32... Be8 $2 ({Right is
} 32... Bxa4 $1 33. Bc3 $1 Rxb4+ $1 34. Bxb4 Bxb4 35. Qh8+ Kf7 36. g6+ {
(Kasparov)} Kf6 $1) 33. Qh8+ Kf7 34. Bc3 {Kasparov scored another fine win
against Topalov in Wijk aan Zee.} 1-0

[Event "Corus"]
[Site "Wijk aan Zee 63"]
[Date "2001.01.22"]
[Round "8"]
[White "Morozevich, Alexander"]
[Black "Ivanchuk, Vassily"]
[Result "0-1"]
[WhiteElo "2745"]
[BlackElo "2717"]
[Annotator "JvR"]
[PlyCount "138"]
[EventDate "2001.??.??"]
[EventCountry "NED"]

1. e4 e5 2. Nc3 Nf6 3. g3 Bc5 4. Bg2 c6 5. Qe2 d5 6. d3 O-O 7. Nf3 Nbd7 8. O-O
Re8 9. Nh4 dxe4 10. dxe4 g6 11. Bg5 Be7 12. Rad1 Qb6 13. Na4 Qb5 14. Qxb5 cxb5
15. Nc3 a6 16. Nf3 Kg7 17. a3 h6 18. Bc1 b6 19. b4 Bb7 20. Bb2 Bc6 21. Bh3 Kf8
22. Rfe1 Ra7 23. Nd5 Bxd5 24. exd5 Bd6 25. Nd2 Rc7 26. Bxd7 $2 ({Better is} 26.
Rc1 Rec8 27. c3 {(Ivanchuk).}) 26... Nxd7 27. Ne4 Ke7 28. f4 $2 (28. Nc3 $1 f5
29. f3 {avoids the loss of a pawn.}) 28... Rxc2 29. Rd2 Rxd2 30. Nxd2 Kd8 31.
f5 gxf5 32. Rf1 f4 33. gxf4 exf4 34. Nf3 Re3 35. Nd4 Rd3 36. Re1 f3 37. Nc6+
Kc7 38. Rc1 Rd2 39. Be5 Nxe5 40. Nxe5+ Kb7 41. Nxf3 Rxd5 42. Rc3 a5 43. Rb3 Kc6
44. Kf2 Be7 45. Ke3 Bf6 46. Rb1 Kd6 47. h4 Bc3 48. Rb3 Bg7 49. Rb1 h5 50. Ke2
Bh6 51. Rg1 Ke7 52. Rb1 Bf4 53. Rb3 Bd6 54. Ke3 f5 55. Rb1 Kf6 56. Rb3 axb4 57.
axb4 Rd1 58. Ke2 Rc1 59. Nd2 Bf4 60. Nb1 Be5 61. Na3 Rh1 62. Nxb5 Rxh4 63. Na7
Rh2+ 64. Kf1 h4 65. Nc6 Bg3 66. Nd4 Rf2+ 67. Kg1 Ke5 68. Nf3+ Kf4 69. Ne1 Kg4
0-1

[Event "Corus"]
[Site "Wijk aan Zee 63"]
[Date "2001.01.23"]
[Round "9"]
[White "Kasparov, Gary"]
[Black "Shirov, Alexei"]
[Result "1-0"]
[WhiteElo "2849"]
[BlackElo "2718"]
[Annotator "JvR"]
[PlyCount "89"]
[EventDate "2001.??.??"]
[EventCountry "NED"]

{Shirov had scored 6 1/2 points in 8 rounds by beating the weaker players.
Kasparov followed by one point.  There had been great hostilities between them
in the previous years. They did not shake hands before the game began.} 1. e4
e5 2. Nf3 Nf6 3. Nxe5 d6 4. Nf3 Nxe4 5. d4 d5 6. Bd3 Bd6 7. O-O O-O 8. c4 c6 9.
Qc2 Na6 10. a3 Bg4 11. Ne5 Bh5 12. cxd5 cxd5 13. Nc3 $1 {Gary has prepared
something.} Nxc3 14. bxc3 Kh8 $5 ({The pointe is} 14... Bxe5 $2 15. Bxh7+ $1
Kh8 16. dxe5 g6 17. Qd2 $1 Kxh7 18. Qh6+ Kg8 19. Bg5 f6 20. Bxf6 Rxf6 21. exf6
Qxf6 22. f3 $1 {and 23.g4 (Kasparov).}) 15. f4 Bxe5 $2 {Black commits the
decisive error.} ({Better is} 15... f6 $1 16. Nf3 Qd7 17. Rb1 {and White has a
plus (Kasparov).}) 16. fxe5 Bg6 17. a4 $1 Qd7 18. Ba3 Rfe8 19. Bxg6 fxg6 ({The
game is lost due to} 19... hxg6 20. Rf3 $1 {White has a strong attack.}) 20.
Qb3 b6 21. Bd6 Nc7 22. Rf3 $1 Rac8 23. Raf1 h6 24. Qc2 Qg4 25. Rg3 Qh5 26. Rh3
Qg5 27. Rg3 Qh5 28. Bxc7 Rxc7 29. Rxg6 Qh4 30. h3 Qxd4+ 31. cxd4 Rxc2 32. Rf7
Rg8 33. Rd6 Rc4 34. Rxd5 Rxa4 35. Rdd7 Ra1+ 36. Kf2 Ra2+ 37. Kf3 Kh7 38. e6 Kg6
39. d5 Rc8 40. Rc7 Re8 41. g4 a5 42. Rxg7+ Kf6 43. Rgf7+ Ke5 44. Rf5+ Kd4 45.
e7 {Shirov rushed away. Kasparov had his moment of glory.} 1-0

[Event "Corus"]
[Site "Wijk aan Zee 63"]
[Date "2001.01.23"]
[Round "9"]
[White "Kramnik, Vladimir"]
[Black "Morozevich, Alexander"]
[Result "0-1"]
[WhiteElo "2772"]
[BlackElo "2745"]
[Annotator "JvR"]
[PlyCount "122"]
[EventDate "2001.??.??"]
[EventCountry "NED"]

1. d4 d5 2. c4 c6 3. Nf3 Nf6 4. Nc3 dxc4 5. a4 Bf5 6. Ne5 Nbd7 7. Nxc4 Nd5 8.
g3 $5 {Kramnik chooses a new and solid move.} e5 9. Bg2 Nxc3 $6 ({A novelty
will become} 9... exd4 $1 10. Qxd4 Qf6 11. Qxf6 N7xf6 12. Nxd5 cxd5 {
(Kasparov-Morozevich).}) 10. bxc3 exd4 11. Qxd4 $1 Nc5 12. Qe3+ Ne6 13. a5 $1
Bc2 14. Ba3 Bxa3 15. Nxa3 Bb3 16. a6 Bd5 17. axb7 Rb8 18. f3 c5 19. O-O Rxb7
20. Rfd1 Rd7 21. c4 $6 ({Better is} 21. Rd3 O-O 22. Rad1 Bc6) 21... Bc6 22.
Rxd7 Bxd7 23. Nc2 Bc8 $1 24. Qd3 Qxd3 25. exd3 a6 26. f4 Ke7 27. f5 Nc7 28. Ra5
Kd6 29. d4 cxd4 30. Nxd4 Re8 31. Kf2 $6 (31. f6 $1 g6 32. Nf3 h6 {(Morozevich).
}) 31... Re5 $1 32. Rxe5 Kxe5 33. Ke3 Kd6 34. Kd3 a5 35. Kc3 Bd7 36. Bb7 f6 37.
g4 Ba4 38. h3 Bd7 39. Nb3 a4 40. c5+ $1 ({Correct is} 40. Nc1 $1 {(Morozevich).
}) 40... Ke5 $1 41. Nd2 Nd5+ $1 42. Kc4 Ne7 43. Nf3+ Kf4 44. Nd4 Kg3 45. c6
Nxc6 $1 {Black decides the game elegantly.} 46. Nxc6 Kxh3 47. Nd4 Kxg4 48. Be4
Kf4 49. Bc2 a3 50. Kc3 h5 51. Ne6+ Ke5 $1 52. Nxg7 h4 53. Bd1 h3 54. Bf3 Bxf5
55. Nh5 Bg6 56. Kb3 Bxh5 57. Bxh5 h2 58. Bf3 Kf4 59. Bh1 Ke3 60. Kxa3 f5 61.
Kb3 f4 0-1

[Event "Corus"]
[Site "Wijk aan Zee 63"]
[Date "2001.01.25"]
[Round "10"]
[White "Fedorov, Alexei"]
[Black "Morozevich, Alexander"]
[Result "0-1"]
[WhiteElo "2575"]
[BlackElo "2745"]
[Annotator "JvR"]
[PlyCount "64"]
[EventDate "2001.??.??"]
[EventCountry "NED"]

1. e4 c5 2. Nc3 d6 3. Nge2 Nf6 4. g3 Nc6 5. Bg2 g6 6. d4 cxd4 7. Nxd4 Bg4 8.
Nde2 Bg7 9. h3 Bd7 10. O-O O-O 11. a4 a6 12. Nd5 Rb8 13. c3 b5 14. axb5 axb5
15. Bg5 Nxd5 16. exd5 Ne5 17. Nd4 b4 $1 18. cxb4 ({Or} 18. f4 Nc4 19. Qe2 Nxb2
$1 20. Qxb2 bxc3 21. Qxc3 {(Morozevich)} Qc8 22. Qd2 Qc5 23. Kh2 Bxd4 24. Rfc1
$1) 18... Rxb4 19. Nc6 Bxc6 20. dxc6 h6 21. Bd2 $6 {Fedorov shows too much
optimism.} Rxb2 22. Ba5 Qc8 23. Qd5 Qf5 24. g4 $2 ({The equality is kept by} 
24. f4 $1 Rxg2+ 25. Kxg2 Qc2+ 26. Rf2 Qxc6 27. Qxc6 Nxc6 28. Ra3) 24... Qf4 25.
c7 $2 ({Correct is} 25. Qe4 Qxe4 26. Bxe4) 25... Nxg4 $1 {Black refutes the
white attack in a wonderful way.} 26. hxg4 Be5 27. Qxe5 ({The pointe is} 27.
Rfc1 $2 Qxf2+ 28. Kh1 Qh4+ 29. Kg1 Bh2+ 30. Kh1 Bf4+ 31. Kg1 Be3+ 32. Kf1 Qf2#
{(Morozevich).}) 27... dxe5 28. Rad1 Rc2 29. Rd8 e4 30. Bb6 Qxg4 31. Ra1 e3 $1
32. Raa8 Rc1+ 0-1

[Event "Corus"]
[Site "Wijk aan Zee 63"]
[Date "2001.01.26"]
[Round "11"]
[White "Anand, Viswanathan"]
[Black "Piket, Jeroen"]
[Result "1-0"]
[WhiteElo "2790"]
[BlackElo "2632"]
[Annotator "JvR"]
[PlyCount "45"]
[EventDate "2001.??.??"]
[EventCountry "NED"]

1. e4 e5 2. Nf3 Nf6 3. Nxe5 d6 4. Nf3 Nxe4 5. d4 d5 6. Bd3 Bd6 7. O-O O-O 8. c4
c6 9. Re1 Re8 10. Nc3 Nxc3 11. bxc3 Bg4 12. Bg5 Rxe1+ 13. Qxe1 Qd7 $6 14. c5
Bc7 15. Nh4 $1 {White prepares an attack on the kingside by a novelty.} h6 16.
Bd2 Qd8 $2 {He vacates a square for the knight.} ({Right is} 16... Na6 $1 17.
h3 Re8 $1 18. Qf1 Be6 19. f4 {(Huzman)} Qd8 20. Nf3 Qf6) 17. f4 $1 Bc8 $5 18.
Qg3 $1 b6 {This 'freeing move' only frees d4 for the white bishop (McShane).} (
{Even worse is} 18... Nd7 $2 19. Nf5 $1) 19. Re1 bxc5 20. dxc5 Qf8 21. Be3 Na6
22. Bd4 $1 {White threatens 23.Re8!} g5 23. Qf2 $1 (23. Qf2 gxh4 24. Qxh4 {and
the black king is helpless.}) 1-0

[Event "Corus"]
[Site "Wijk aan Zee 63"]
[Date "2001.01.26"]
[Round "11"]
[White "Ivanchuk, Vassily"]
[Black "Shirov, Alexei"]
[Result "1-0"]
[WhiteElo "2717"]
[BlackElo "2718"]
[Annotator "JvR"]
[PlyCount "81"]
[EventDate "2001.??.??"]
[EventCountry "NED"]

1. e4 c5 2. Nf3 d6 3. d4 cxd4 4. Nxd4 Nf6 5. Nc3 a6 6. Be3 Ng4 7. Bg5 h6 8. Bh4
g5 9. Bg3 Bg7 10. h3 Nf6 11. Bc4 Qb6 12. O-O Nxe4 $2 {This new move will be
punished.} 13. Nxe4 Qxd4 14. Nxd6+ $1 {Ivanchuk opens the position by a knight
sacrifice.} exd6 15. Qe2+ Be6 ({Ivanchuk analyses} 15... Be5 16. Rad1) ({and} 
15... Kd7 16. Rad1 Qf6 17. Rxd6+ Qxd6 18. Rd1 {White has a winning attack in
both cases.}) 16. Bxe6 O-O 17. Rad1 $5 Qf6 $5 ({Or} 17... Qxb2 18. Bd5 Nc6 19.
Bxd6 {and White has a great positional advantage.}) 18. Bd5 Nc6 19. c3 Rad8 20.
Rfe1 Qg6 21. a4 Kh7 22. Bxc6 bxc6 23. Qxa6 d5 24. a5 f5 25. Be5 Ra8 26. Qb6 Rf7
27. b4 f4 28. f3 h5 29. Qf2 Bh6 30. Bd4 g4 31. hxg4 hxg4 32. fxg4 f3 33. gxf3
Raf8 34. Kg2 Rxf3 35. Qxf3 Rxf3 36. Kxf3 Qc2 37. a6 Qh2 38. Be5 Qa2 39. Ra1 Qc2
40. a7 Qd3+ 41. Kf2 1-0

[Event "Corus"]
[Site "Wijk aan Zee 63"]
[Date "2001.01.26"]
[Round "11"]
[White "Kasparov, Gary"]
[Black "Timman, Jan"]
[Result "1-0"]
[WhiteElo "2849"]
[BlackElo "2629"]
[Annotator "JvR"]
[PlyCount "93"]
[EventDate "2001.??.??"]
[EventCountry "NED"]

1. c4 e5 2. Nc3 Nf6 3. Nf3 Nc6 4. g3 d5 5. cxd5 Nxd5 6. Bg2 Nb6 7. O-O Be7 8.
Rb1 O-O 9. b4 Nxb4 $5 10. Nxe5 c6 $5 {Timman chooses a new approach.} 11. a3
N4d5 12. Nxd5 cxd5 13. a4 Bf6 14. d4 $1 Bf5 15. Rb5 $5 a6 16. Rb2 Rc8 17. Bf4
Bxe5 18. Bxe5 Re8 19. e3 Re7 $1 {Pawn b7 gets protection.} 20. g4 $5 Be4 21. f3
Nc4 22. Re2 Bg6 23. h4 $5 f6 24. Bf4 Qd7 25. Rfe1 Rc6 26. h5 Bf7 27. e4 dxe4
28. Rxe4 Rxe4 29. Rxe4 Bd5 30. Re2 Rc8 $6 ({The advance} 30... b5 $1 {takes
the initiative on the queenside.}) 31. h6 $1 g5 32. Bg3 Re8 33. Qe1 Rxe2 34.
Qxe2 Kf8 35. Qd3 Nb6 $2 (35... b5 {is still okay.}) 36. a5 $1 Nc4 37. Bf1 $1
Qe7 ({The pointe is} 37... Nxa5 38. Qa3+) 38. Qc3 Qe3+ 39. Qxe3 Nxe3 40. Bd3
Nc4 $6 (40... Bg8 $5 41. Kf2 Nd5 {reorganises the defence.}) 41. Be1 $6 (41.
Bc7 $1 Kg8 42. Bd8 {wins immediately.}) 41... Kg8 42. Kf2 b5 $6 {Black weakens
pawn a6.} 43. Bb4 Nb2 44. Bf5 Bc4 45. Ke3 Bd5 46. Bc8 Nc4+ 47. Ke2 {Kasparov
had scored his fifth win. It would suffice for the general triumph.} 1-0

[Event "Corus"]
[Site "Wijk aan Zee 63"]
[Date "2001.01.27"]
[Round "12"]
[White "Shirov, Alexei"]
[Black "Kramnik, Vladimir"]
[Result "0-1"]
[WhiteElo "2718"]
[BlackElo "2772"]
[Annotator "JvR"]
[PlyCount "106"]
[EventDate "2001.??.??"]
[EventCountry "NED"]

1. e4 c6 2. d4 d5 3. e5 c5 4. dxc5 e6 5. Bf4 Bxc5 6. Bd3 Nc6 7. Nf3 f6 8. Nbd2
({Known is} 8. O-O) 8... fxe5 9. Bxe5 Nf6 10. Qe2 O-O 11. O-O-O $5 {It is
safer to castle on the kingside.} a5 12. Nb3 Bd6 13. Kb1 Bxe5 14. Nxe5 a4 15.
Nc1 a3 16. b3 Qa5 17. c4 dxc4 18. Nxc4 Qc7 19. Rhe1 $2 {White should offer a
pawn.} (19. Be4 $1 Nxe4 20. Qxe4 Rxf2 21. Nd3 {starts a counterattack.}) 19...
Nd5 $1 20. Qd2 Ncb4 $1 21. Ne2 Rxf2 22. Be4 b5 23. Qd4 Rxe2 $1 24. Rxe2 bxc4
25. Bxd5 Nxd5 26. bxc4 Ba6 27. Rc1 Nf4 28. Rd2 e5 29. Qe3 Bxc4 30. Ka1 Qf7 31.
g3 Nd3 32. Rxd3 Bxd3 33. Qxd3 h6 34. Qb3 Qxb3 35. axb3 Kf7 36. Rc6 a2 37. h4
Ra3 38. b4 e4 39. Rc4 e3 40. Re4 Kf6 41. g4 h5 42. gxh5 Kf5 43. Re7 Kf4 44. b5
Rb3 45. Rf7+ Ke4 46. Re7+ Kd3 47. Rd7+ Kc2 48. Rc7+ Kd2 49. Kxa2 Rxb5 50. Rxg7
e2 51. Rd7+ Kc2 52. Rc7+ Kd3 53. Re7 Rxh5 {Shirov has passed the dark tunnel
of Kasparov, Anand, Ivanchuk and Kramnik in four rounds and scored
half-a-point.} 0-1

[Event "Corus"]
[Site "Wijk aan Zee 63"]
[Date "2001.01.27"]
[Round "12"]
[White "Timman, Jan"]
[Black "Anand, Viswanathan"]
[Result "0-1"]
[WhiteElo "2629"]
[BlackElo "2790"]
[Annotator "JvR"]
[PlyCount "60"]
[EventDate "2001.??.??"]
[EventCountry "NED"]

1. d4 Nf6 2. c4 e6 3. Nf3 b6 4. g3 Ba6 5. b3 Bb4+ 6. Bd2 Be7 7. Bg2 c6 8. Bc3
d5 9. Ne5 Nfd7 10. Nxd7 Nxd7 11. Nd2 O-O 12. O-O Nf6 13. e4 b5 14. Re1 dxe4 15.
Qc2 Rb8 $1 16. Rad1 Qc7 17. Bf1 bxc4 18. bxc4 c5 19. dxc5 Bb7 20. Nb3 Nd7 21.
Qb2 g6 22. Bg2 f5 23. Nd4 $2 ({Better is} 23. Re2 Bc6 24. Red2) 23... Nxc5 24.
Nb5 Qb6 25. Qa3 Rf7 26. Qxa7 Qxa7 27. Nxa7 Nd3 28. Re2 Bc5 29. Nb5 f4 $1 30.
Bh3 $2 ({Anand prefers} 30. gxf4 $1 Nxf4 31. Red2) 30... Nxf2 $1 0-1